| 000 | 01035nam a2200265Ia 4500 | ||
|---|---|---|---|
| 003 | OSt | ||
| 005 | 20240827122507.0 | ||
| 006 | a|||||r|||| 00| 0 | ||
| 007 | ta | ||
| 008 | 221004b |||||||| |||| 00| 0 hin d | ||
| 020 |
_a9789384984229 (hbk) _cINR 995.00 |
||
| 024 | _a66081 | ||
| 037 |
_b299, 29/01/2020, Eastern Book Linkers _cTextual |
||
| 040 |
_aCRL _cCRL _bhin |
||
| 041 |
_2hin _ahin |
||
| 082 | _aNA44,C, 152Q8 | ||
| 100 | _aमौर्य, संतोष, ले. | ||
| 245 | 0 |
_aबौद्ध कला _b स्थापत्य एवं मूर्तिकला परम्परा |
|
| 246 | _aBauddha kalā: sthāpatya evan mūrtikalā paramparā | ||
| 260 |
_aनई दिल्ली _bहोमेज पब्लिकेशन भारत _c2018 |
||
| 300 |
_a208पृ0 _ccm. |
||
| 650 |
_aललित कला _9156314 |
||
| 942 |
_hNA44,C, 152Q8 _cTEXL |
||
| 999 |
_c1018444 _d1018444 |
||